Photocatalysis: water and air pollution control and self-cleaning materials (notice n° 2075430)

détails MARC
000 -LEADER
fixed length control field 00611cam a2200169 4500500
005 - DATE AND TIME OF LATEST TRANSACTION
control field 20260405004305.0
041 ## - LANGUAGE CODE
Language code of text/sound track or separate title fre
042 ## - AUTHENTICATION CODE
Authentication code dc
100 10 - MAIN ENTRY--PERSONAL NAME
Personal name Guillard, Chantal
Relator term author
245 00 - TITLE STATEMENT
Title Photocatalysis: water and air pollution control and self-cleaning materials
260 ## - PUBLICATION, DISTRIBUTION, ETC.
Date of publication, distribution, etc. 2026.<br/>
500 ## - GENERAL NOTE
General note 14
700 10 - ADDED ENTRY--PERSONAL NAME
Personal name Kartheuser, Benoît
Relator term author
700 10 - ADDED ENTRY--PERSONAL NAME
Personal name Lacombe, Sylvie
Relator term author
786 0# - DATA SOURCE ENTRY
Note Functional materials - Bio-based materials | - | 2026-03-04 | p. 14-14
856 41 - ELECTRONIC LOCATION AND ACCESS
Uniform Resource Identifier <a href="https://stm.cairn.info/active-and-intelligent-materials--bdti42126210-j1270-page-14?lang=en&redirect-ssocas=7080">https://stm.cairn.info/active-and-intelligent-materials--bdti42126210-j1270-page-14?lang=en&redirect-ssocas=7080</a>

Pas d'exemplaire disponible.

PLUDOC

PLUDOC est la plateforme unique et centralisée de gestion des bibliothèques physiques et numériques de Guinée administré par le CEDUST. Elle est la plus grande base de données de ressources documentaires pour les Étudiants, Enseignants chercheurs et Chercheurs de Guinée.

Adresse

627 919 101/664 919 101

25 boulevard du commerce
Kaloum, Conakry, Guinée

Réseaux sociaux

Powered by Netsen Group @ 2025